Linear algebra and linear models /

Bibliographic Details
Main Author: Bapat, R. B.
Format: Book
Language:English
Published: New York : Springer, [2000]
Edition:2nd ed.
Series:Universitext
Subjects:

MARC

Tag First Indicator Second Indicator Subfields
LEADER 00000cam a2200000 a 4500
001 in00001542813
005 20151022060117.0
008 990414s2000 nyua b 001 0 eng
010 |a  99030383  
020 |a 0387988718 (hc. : alk. paper) 
035 |a (OCoLC)ocm41278470 
040 |a DLC  |c DLC  |d C#P  |d TXA  |d UtOrBLW 
049 |a TXAM 
050 0 0 |a QA184  |b .B37 2000 
082 0 0 |a 512/.5  |2 21 
100 1 |a Bapat, R. B. 
245 1 0 |a Linear algebra and linear models /  |c R.B. Bapat. 
250 |a 2nd ed. 
264 1 |a New York :  |b Springer,  |c [2000] 
264 4 |c ©2000 
300 |a x, 138 pages :  |b illustrations ;  |c 25 cm. 
336 |a text  |b txt  |2 rdacontent 
337 |a unmediated  |b n  |2 rdamedia 
338 |a volume  |b nc  |2 rdacarrier 
490 0 |a Universitext 
504 |a Includes bibliographical references (pages [133]-135) and index. 
650 0 |a Algebras, Linear. 
650 0 |a Linear models (Statistics) 
994 |a E0  |b TXA 
948 |a cataloged  |b h  |c 2000/6/23  |d c  |e jmspeck  |f 3:42:43 pm 
999 |a MARS 
999 f f |s 13e62a33-8800-3e15-9478-b30387e11042  |i e4713253-e27f-3a00-8564-930a6ab1a8e6  |t 0 
952 f f |p ric  |a Texas A&M University  |b Rellis Campus  |c Joint Library Facility  |d Remote Storage  |t 0  |e QA184 .B37 2000  |h Library of Congress classification  |i unmediated -- volume  |m A14826025164 
998 f f |a QA184 .B37 2000  |t 0  |l Remote Storage